Countries By Number of Vowels - Statistics

General Stats
  • This quiz has been taken 1,007 times
  • The average score is 7 of 12
Answer Stats
Number of Vowels Answer % Correct
2 Benin | Bhutan | Brazil | Chile | China | Cuba | Denmark | Fiji | Finland | France | Gabon | Germany | Ghana | Hungary | Iran | Iraq | Italy | Japan | Jordan | Kenya | Laos | Libya | Mali | Malta | Myanmar | Nepal | Niger | Norway | Oman | Peru | Poland | Qatar | Rwanda | Spain | Sudan | Sweden | Syria | Togo | Tonga | Turkey | Yemen
99%
3 Andorra | Angola | Bahamas | Bahrain | Bangladesh | Barbados | Belarus | Belgium | Belize | Botswana | Brunei | Burundi | Canada | Comoros | Gambia | Greece | Grenada | Guyana | Haiti | Honduras | Iceland | India | Ireland | Israel | Kazakhstan | Kosovo | Kuwait | Latvia | Lebanon | Lesotho | Malawi | Maldives | Mexico | Moldova | Monaco | Morocco | Nauru | Netherlands | Pakistan | Palau | Panama | Portugal | Russia | Samoa | Senegal | Serbia | Seychelles | Sri Lanka | Switzerland | Taiwan | Thailand | Tuvalu | Uganda | Vietnam | Zambia | Zimbabwe
97%
4 Afghanistan | Albania | Algeria | Argentina | Armenia | Austria | Bolivia | Bulgaria | Cambodia | Cameroon | Cape Verde | Colombia | Costa Rica | Croatia | Czech Republic | Djibouti | Dominica | East Timor | Ecuador | El Salvador | Eritrea | Estonia | Eswatini | Georgia | Guinea | Ivory Coast | Jamaica | Kiribati | Liberia | Luxembourg | Madagascar | Malaysia | Marshall Islands | Mongolia | Montenegro | Namibia | New Zealand | Nigeria | North Korea | Paraguay | Philippines | Romania | San Marino | Singapore | Slovakia | Slovenia | Somalia | South Sudan | Suriname | Tajikistan | Tanzania | Tunisia | Turkmenistan | Ukraine | Uruguay | Uzbekistan | Vanuatu | Vatican City
91%
5 Australia | Azerbaijan | Burkina Faso | Ethiopia | Guatemala | Indonesia | Liechtenstein | Lithuania | Mauritius | Mozambique | Nicaragua | Saint Lucia | Solomon Islands | South Africa | South Korea | United Kingdom | United States | Venezuela
89%
1 Chad | Cyprus | Egypt | Kyrgyzstan
77%
7 Dominican Republic | Guinea-Bissau | Republic of the Congo | São Tomé and Príncipe | Saudi Arabia | Trinidad and Tobago
47%
8 Antigua and Barbuda | Central African Republic | Papua New Guinea
35%
9 Bosnia and Herzegovina | United Arab Emirates
31%
11 Democratic Republic of the Congo
30%
6 Mauritania | North Macedonia | Saint Kitts and Nevis | Sierra Leone
30%
10 Equatorial Guinea | Saint Vincent and the Grenadines
22%
12 Federated States of Micronesia
22%
No matching quizzes found
Score Distribution
Percent of People with Each Score
Percentile by Number Answered
Your Score History
You have not taken this quiz